000 00529nam a2200157 a 4500
001 000032262
005 20200930063552.0
008 110406s1913 dr 000 0 spa d
040 _aDO-SdBNP
_bspa
_cBNPHU
082 _axxx
_bR426m
110 1 _aRepública Dominicna
_958310
245 1 0 _aMensaje que el ciudadano presidente de la República presenta al congreso nacional en la legislatura de 1913.
260 _aSanto Domingo :
_bImp. Cuna de las América,viuda de Roques,
_c1913.
300 _a17 p. ;
_c28 cm.
049 _aBNPD
999 _c31753
_d31753